000 00514ntaaa2200193 4500
003 01
005 20251027201229.0
008 0714s1973 ag 01
040 _aAR-BaBN
_bspa
_cAR-BaBN
_eaacr
_dRIC
082 _a220.92 G75
100 _aGraebner, Rev.
_910371
245 _aLa vida de José /
_cRev. Graebner
250 _a1 ed.
260 _aBuenos Aires :
_bIglesia Evangélica Luterana,
_c1961
300 _a56 p.
500 _aEstudio bíblico para adultos
650 _aJosé-Historia
_910372
942 _cBK
999 _c6639
_d6639